Aplikácia sankcií Bezpečnostnej rady OSN prostredníctvom pravidiel práva Európskej únie diplomová práca

Guardado en:
Detalles Bibliográficos
Autor principal: Slebodníková, Lucia
Autor Corporativo: Fakulta medzinárodných vzťahov EU. Katedra medzinárodného práva
Otros Autores: Pyteľová, Klaudia, 1985-
Formato: Libro
Lenguaje:eslovaco
Publicado: Bratislava 2018
Etiquetas: Agregar Etiqueta
Sin Etiquetas, Sea el primero en etiquetar este registro!

MARC

LEADER 00000nbm a2200000 4500
001 0244492
005 20180802102607.6
041 0 |a slo 
044 |a SK 
245 1 0 |a Aplikácia sankcií Bezpečnostnej rady OSN prostredníctvom pravidiel práva Európskej únie  |b diplomová práca  |c Lucia Slebodníková ; školiteľ: Klaudia Hraníková Pyteľová 
264 1 |a Bratislava  |c 2018 
300 |a 65 s. 
100 1 |a Slebodníková, Lucia 
700 1 |a Pyteľová, Klaudia, 1985- 
710 2 |a Fakulta medzinárodných vzťahov EU. Katedra medzinárodného práva